000 00763nam a2200253Ia 4500
003 OSt
005 20220923220821.0
006 a|||||r|||| 00| 0
007 ta
008 220922b |||||||| |||| 00| 0 hin d
024 _a190,828
037 _cTextual
040 _aARTS
_cARTS
_bhin
041 _2hin
_ahin
082 _aR6350aLB, 152L7
100 _aजैन, राजकुमार
245 0 _aयोग ओर आयुर्वेद
246 _aYog or āyurveda
260 _aइटारसी
_b जनेकान्त
_c1977
300 _a213पृ.
_ccm.
650 _aभारतीय दर्शन
942 _hR6350aLB, 152L7
_cTEXL
_2CC
999 _c343575
_d343575